NBA Logo Quiz - Statistics

General Stats
  • This quiz has been taken 1,311 times
  • The average score is 15 of 15
Answer Stats
Hint Answer % Correct
Chicago Bulls
99%
Los Angeles Lakers
99%
Boston Celtics
98%
Miami Heat
98%
San Antonio Spurs
98%
Golden State Warriors
98%
Houston Rockets
97%
Atlanta Hawks
96%
Charlotte Hornets
96%
Utah Jazz
96%
New York Knicks
96%
Indiana Pacers
96%
Toronto Raptors
96%
Los Angeles Clippers
95%
Cleveland Cavaliers
94%
No matching quizzes found
Score Distribution
Percent of People with Each Score
Percentile by Number Answered
Your Score History
You have not taken this quiz